Capital Cities of Colombian Departments - Statistics

General Stats
  • This quiz has been taken 180 times
  • The average score is 25 of 32
Answer Stats
Department Population Capital City % Correct
Capital District 11.6M Bogotá
97%
Antioquia 3.7M Medellín
97%
Valle del Cauca 2.8M Cali
96%
Atlántico 2.3M Barranquilla
93%
Bolívar 1M Cartagena de Indias
91%
Amazonas 48k Leticia
90%
Santander 1.3M Bucaramanga
88%
San Andrés y Providencia 55.4k San Andrés
86%
Magdalena 566k Santa Marta
85%
Nariño 392.9k Pasto
84%
Risaralda 735.7k Pereira
83%
Meta 531k Villavicencio
82%
Arauca 85.5k Arauca
81%
Caldas 552k Manizales
81%
Norte de Santander 1M Cúcuta
79%
Tolima 529.6k Ibagué
79%
Córdoba 490.9k Montería
79%
Chocó 129k Quibdó
79%
Boyacá 243k Tunja
79%
Huila 357k Neiva
78%
Cesar 490k Valledupar
78%
Quindío 514k Armenia
73%
La Guajira 222.5k Riohacha
73%
Sucre 310.4k Sincelejo
72%
Guaviare 52.8k San José del Guaviare
69%
Cauca 318k Popayán
68%
Casanare 194k Yopal
68%
Caquetá 177.9k Florencia
67%
Vichada 22.5k Puerto Carreño
62%
Vaupés 29.8k Mitú
61%
Putumayo 56k Mocoa
60%
Guainía 31.5k Inirida
52%
No matching quizzes found
Score Distribution
Percent of People with Each Score
Percentile by Number Answered
Your Score History
You have not taken this quiz